[Event "Titled Tuesday intern op 04th Mar Early"]
[Site "Chess.com INT"]
[Date "2025.03.04"]
[Round "4"]
[White "Piliczewski, Bogusz"]
[Black "Garifulin, Yury"]
[Result "0-1"]
[WhiteElo "1878"]
[BlackElo "2225"]
[PlyCount "72"]
[EventDate "2025.03.04"]
[EventType "swiss (blitz)"]
[EventRounds "11"]
[EventCountry "USA"]
[SourceTitle "CB11_2025"]
[SourceDate "2025.03.12"]
[SourceVersion "1"]
[SourceVersionDate "2025.03.12"]
[SourceQuality "1"]

1. d4 e5 2. dxe5 Nc6 3. Nf3 d6 4. exd6 Bxd6 5. e3 Bg4 6. Be2 Qe7 7. 0-0 0-0-0 8. Qe1 Nf6 9. c4 h5 10. Nc3 g5 11. a3 Bxf3 12. Bxf3 Ne5 13. Be2 g4 14. b4 Nf3+ 15. gxf3 gxf3 16. Bxf3 Qe5 17. Bxb7+ Kxb7 18. f4 Rhg8+ 19. Kh1 Qe6 20. Bb2 Qxc4 21. Qf2 Ng4 22. Qf3+ Kb8 23. Rac1 Qb3 24. Qe2 Nxe3 25. Qxe3 Qxb2 26. Rf2 Qxa3 27. Nd5 Qxe3 28. Nxe3 Bxb4 29. Rb1 a5 30. Nc2 c5 31. Nxb4 axb4 32. Rc2 Rd5 33. Rbc1 Rc8 34. Rc4 Kb7 35. Kg2 Kb6 36. Kf3 Rcd8 0-1

[Event "Titled Tuesday intern op 04th Mar Early"]
[Site "Chess.com INT"]
[Date "2025.03.04"]
[Round "7"]
[White "Playa, Marcelo"]
[Black "Piliczewski, Bogusz"]
[Result "1-0"]
[WhiteElo "2376"]
[BlackElo "1878"]
[PlyCount "63"]
[EventDate "2025.03.04"]
[EventType "swiss (blitz)"]
[EventRounds "11"]
[EventCountry "USA"]
[SourceTitle "CB11_2025"]
[SourceDate "2025.03.12"]
[SourceVersion "1"]
[SourceVersionDate "2025.03.12"]
[SourceQuality "1"]

1. e4 c6 2. d4 d5 3. e5 Bf5 4. g4 Bd7 5. Nc3 e6 6. Be3 Ne7 7. Qd2 Ng6 8. 0-0-0 c5 9. f4 cxd4 10. Bxd4 Nc6 11. Nf3 Nxd4 12. Nxd4 Bc5 13. f5 Nxe5 14. fxe6 fxe6 15. Re1 Bxd4 16. Qxd4 Nf3 17. Qxg7 Qg5+ 18. Qxg5 Nxg5 19. Nxd5 0-0-0 20. h4 Nf3 21. Re3 Bc6 22. Ne7+ Kc7 23. Nxc6 Rdf8 24. Ne5 Nxe5 25. Rxe5 Kd6 26. Re3 Rf4 27. g5 Rc8 28. Bh3 Rf2 29. Rxe6+ Kd5 30. Rd1+ Kc5 31. Re5+ Kb6 32. Bxc8 1-0

[Event "Titled Tuesday intern op 25th Feb Early"]
[Site "Chess.com INT"]
[Date "2025.02.25"]
[Round "8"]
[White "Bonaveri, Agustin"]
[Black "Piliczewski, Bogusz"]
[Result "1-0"]
[WhiteElo "2367"]
[BlackElo "1878"]
[PlyCount "59"]
[EventDate "2025.02.25"]
[EventType "swiss (blitz)"]
[EventRounds "11"]
[EventCountry "USA"]
[SourceTitle "CB10_2025"]
[SourceDate "2025.03.05"]
[SourceVersion "1"]
[SourceVersionDate "2025.03.05"]
[SourceQuality "1"]

1. e4 e6 2. d4 d5 3. Nd2 c5 4. exd5 Qxd5 5. Ngf3 cxd4 6. Bc4 Qd6 7. Qe2 Nf6 8. Nb3 Nc6 9. Bg5 Be7 10. 0-0-0 0-0 11. Nbxd4 Nxd4 12. Rxd4 Qc5 13. Rhd1 b5 14. Bxb5 Bb7 15. Be3 Bxf3 16. gxf3 Rab8 17. Ba4 Qb6 18. Bb3 a5 19. Rd7 Bc5 20. R1d6 Bxd6 21. Bxb6 Nxd7 22. Bxa5 Nf6 23. Bc3 Be7 24. Qe5 Rfd8 25. a4 Bf8 26. a5 Bd6 27. Qg5 Ne8 28. Kb1 h6 29. Qg4 Be7 30. Bxe6 1-0

[Event "Titled Tuesday intern op 25th Feb Early"]
[Site "Chess.com INT"]
[Date "2025.02.25"]
[Round "1"]
[White "Zhauynbay, Aldiyar"]
[Black "Piliczewski, Bogusz"]
[Result "1-0"]
[WhiteElo "2109"]
[BlackElo "1878"]
[PlyCount "55"]
[EventDate "2025.02.25"]
[EventType "swiss (blitz)"]
[EventRounds "11"]
[EventCountry "USA"]
[SourceTitle "CB10_2025"]
[SourceDate "2025.03.05"]
[SourceVersion "1"]
[SourceVersionDate "2025.03.05"]
[SourceQuality "1"]

1. d4 d5 2. Nf3 Nf6 3. Bf4 Bf5 4. e3 e6 5. c4 c6 6. Nc3 Qa5 7. Nd2 Bb4 8. Qb3 0-0 9. Be2 Ne4 10. Ndxe4 Bxe4 11. 0-0 Nd7 12. Nxe4 dxe4 13. a3 Be7 14. Qxb7 Qd8 15. Qxc6 Nf6 16. h3 Rc8 17. Qa4 Qb6 18. b4 Rfd8 19. c5 Qc6 20. Bb5 Qd5 21. Ba6 Ra8 22. c6 Bd6 23. c7 Bxc7 24. Bxc7 Rd7 25. Be5 Re7 26. Bxf6 gxf6 27. Rfc1 Kg7 28. Rc5 1-0

[Event "Titled Tuesday intern op 23rd Jul Late"]
[Site "Chess.com INT"]
[Date "2024.07.23"]
[Round "8"]
[White "Piliczewski, Bogusz"]
[Black "Saim, Mohamed Ilias"]
[Result "0-1"]
[WhiteElo "1878"]
[BlackElo "2169"]
[PlyCount "52"]
[EventDate "2024.07.23"]
[EventType "swiss (blitz)"]
[EventRounds "11"]
[EventCountry "USA"]
[SourceTitle "EXT 2025"]
[Source "ChessBase"]
[SourceDate "2024.10.14"]
[SourceVersion "1"]
[SourceVersionDate "2024.10.14"]
[SourceQuality "1"]

1. d4 Nf6 2. Nf3 d6 3. Bf4 g6 4. e3 Nh5 5. Bg5 h6 6. Bh4 Bg7 7. Be2 0-0 8. Nfd2 Nf6 9. Bg3 Nc6 10. 0-0 e5 11. h3 exd4 12. exd4 Nxd4 13. Bd3 Re8 14. c3 Bf5 15. Bxf5 Nxf5 16. Bh2 b5 17. Nf3 Ne4 18. Nbd2 Nxd2 19. Qxd2 a5 20. Rfe1 Qd7 21. Rxe8+ Rxe8 22. Re1 Re6 23. Re2 Qe8 24. Rxe6 Qxe6 25. Qe1 Qxe1+ 26. Nxe1 b4 0-1

[Event "Titled Tuesday intern op 16th Jul Early"]
[Site "Chess.com INT"]
[Date "2024.07.16"]
[Round "4"]
[White "Piliczewski, Bogusz"]
[Black "Daurimbetov, Azamat"]
[Result "0-1"]
[WhiteElo "1878"]
[BlackElo "2168"]
[PlyCount "106"]
[EventDate "2024.07.16"]
[EventType "swiss (blitz)"]
[EventRounds "11"]
[EventCountry "USA"]
[SourceTitle "EXT 2025"]
[Source "ChessBase"]
[SourceDate "2024.10.14"]
[SourceVersion "1"]
[SourceVersionDate "2024.10.14"]
[SourceQuality "1"]

1. d4 c5 2. c3 cxd4 3. cxd4 d5 4. Nf3 Nc6 5. Nc3 Nf6 6. Bf4 e6 7. e3 Bd6 8. Bb5 0-0 9. Ne5 Qc7 10. Rc1 Nxe5 11. dxe5 Bxe5 12. 0-0 Qb8 13. Bxe5 Qxe5 14. Bd3 Bd7 15. Qe2 Rac8 16. f4 Qd6 17. e4 dxe4 18. Nxe4 Qd4+ 19. Kh1 Nxe4 20. Bxe4 Bb5 21. Bxh7+ Kxh7 22. Qxb5 Rxc1 23. Rxc1 Qxf4 24. Rf1 Qe4 25. h3 Kg8 26. Qg5 Qd5 27. Qg4 Qxa2 28. b4 Rc8 29. Qf3 Rc7 30. Qg3 Qc4 31. Rf4 Qc3 32. Rf3 Qc1+ 33. Kh2 g6 34. Rd3 Rc8 35. Rd7 Qc6 36. Re7 Qe4 37. Qf2 Qf5 38. Qxf5 gxf5 39. Rxb7 Rc4 40. Rxa7 Rxb4 41. Kg3 Kg7 42. Rc7 Kf6 43. h4 Rb3+ 44. Kh2 Rb4 45. g3 Rg4 46. Kh3 Rg7 47. Rc5 e5 48. Rc6+ Ke7 49. Ra6 e4 50. Kg2 f4 51. Ra4 Rxg3+ 52. Kf2 e3+ 53. Ke2 Rg4 0-1

[Event "Titled Tuesday intern op 16th Jul Early"]
[Site "Chess.com INT"]
[Date "2024.07.16"]
[Round "11"]
[White "Piliczewski, Bogusz"]
[Black "Hubner, Jessica Trindade"]
[Result "0-1"]
[WhiteElo "1878"]
[BlackElo "1845"]
[PlyCount "54"]
[EventDate "2024.07.16"]
[EventType "swiss (blitz)"]
[EventRounds "11"]
[EventCountry "USA"]
[SourceTitle "EXT 2025"]
[Source "ChessBase"]
[SourceDate "2024.10.14"]
[SourceVersion "1"]
[SourceVersionDate "2024.10.14"]
[SourceQuality "1"]

1. d4 d5 2. Nf3 c6 3. Bf4 Nf6 4. e3 g6 5. h3 Bg7 6. Be2 Nbd7 7. 0-0 0-0 8. Nbd2 Re8 9. c4 dxc4 10. Nxc4 Nd5 11. Bh2 b5 12. Nce5 Nxe5 13. Nxe5 Bb7 14. Rc1 Rc8 15. Bg4 f5 16. Bf3 e6 17. Qb3 Qg5 18. Bf4 Nxf4 19. exf4 Qxf4 20. Nxc6 Bxc6 21. Bxc6 Re7 22. Bxb5 Rxc1 23. g3 Rxf1+ 24. Bxf1 Qxd4 25. Qb8+ Kf7 26. b3 Be5 27. Kg2 Bxb8 0-1

[Event "Titled Tuesday intern op 16th Jul Early"]
[Site "Chess.com INT"]
[Date "2024.07.16"]
[Round "5"]
[White "Piliczewski, Bogusz"]
[Black "Zambrano Rodriguez, Alexander"]
[Result "1-0"]
[WhiteElo "1878"]
[BlackElo "2226"]
[PlyCount "55"]
[EventDate "2024.07.16"]
[EventType "swiss (blitz)"]
[EventRounds "11"]
[EventCountry "USA"]
[SourceTitle "EXT 2025"]
[Source "ChessBase"]
[SourceDate "2024.10.14"]
[SourceVersion "1"]
[SourceVersionDate "2024.10.14"]
[SourceQuality "1"]

1. d4 Nf6 2. Nf3 d5 3. Bf4 c5 4. e3 Qb6 5. Qc1 Nc6 6. c3 Bg4 7. Bd3 Bxf3 8. gxf3 g6 9. Nd2 Bg7 10. h4 Nh5 11. Bg3 e5 12. dxe5 Bxe5 13. Bxe5 Nxe5 14. Be2 Nf6 15. f4 Nc6 16. Bf3 0-0-0 17. Qc2 Rhe8 18. 0-0-0 Kb8 19. h5 d4 20. exd4 cxd4 21. Bxc6 Qxc6 22. hxg6 hxg6 23. cxd4 Qd5 24. Kb1 Qxd4 25. Nb3 Qxf4 26. Nc5 Rc8 27. Qa4 Rxc5 28. Qxf4+ 1-0

[Event "Titled Tuesday intern op 09th Jul Early"]
[Site "Chess.com INT"]
[Date "2024.07.09"]
[Round "10"]
[White "Arbunic Castro, Giovanna B"]
[Black "Piliczewski, Bogusz"]
[Result "0-1"]
[WhiteElo "1958"]
[BlackElo "1878"]
[PlyCount "62"]
[EventDate "2024.07.09"]
[EventType "swiss (blitz)"]
[EventRounds "11"]
[EventCountry "USA"]
[SourceTitle "EXT 2025"]
[Source "ChessBase"]
[SourceDate "2024.10.14"]
[SourceVersion "1"]
[SourceVersionDate "2024.10.14"]
[SourceQuality "1"]

1. e4 c6 2. d4 d5 3. e5 c5 4. dxc5 Nc6 5. Bb5 e6 6. Be3 Bd7 7. Bxc6 bxc6 8. Nf3 Qa5+ 9. c3 Bxc5 10. b4 Bxb4 11. cxb4 Qxb4+ 12. Qd2 Qb5 13. Nc3 Qa6 14. Bc5 Ne7 15. Qe2 Qa5 16. Qe3 Nf5 17. Qd2 Qxc5 18. 0-0 0-0 19. Rac1 Qa5 20. g4 Ne7 21. Qf4 Ng6 22. Qg5 Qd8 23. Qe3 c5 24. Qxc5 Nh4 25. Nd4 Qg5 26. f3 Rfc8 27. Qd6 Qe3+ 28. Kh1 Qxd4 29. Ne2 Rxc1 30. Rxc1 Qe3 31. Qxd7 Qxf3+ 0-1

[Event "Titled Tuesday intern op 09th Jul Late"]
[Site "Chess.com INT"]
[Date "2024.07.09"]
[Round "6"]
[White "Arias Igual, Alejandro"]
[Black "Piliczewski, Bogusz"]
[Result "1-0"]
[WhiteElo "2276"]
[BlackElo "1878"]
[PlyCount "35"]
[EventDate "2024.07.09"]
[EventType "swiss (blitz)"]
[EventRounds "11"]
[EventCountry "USA"]
[SourceTitle "EXT 2025"]
[Source "ChessBase"]
[SourceDate "2024.10.14"]
[SourceVersion "1"]
[SourceVersionDate "2024.10.14"]
[SourceQuality "1"]

1. e4 c6 2. d4 d5 3. exd5 cxd5 4. Bd3 Nc6 5. c3 Nf6 6. h3 g6 7. Nf3 Bg7 8. 0-0 0-0 9. Re1 Bd7 10. Bf4 Qc8 11. Nbd2 Bf5 12. Bf1 Re8 13. Ne5 Nh5 14. Bh2 Nxe5 15. dxe5 Bd7 16. g4 Bxe5 17. Bxe5 Nf6 18. Bg2 1-0

[Event "Titled Tuesday intern op 09th Jul Late"]
[Site "Chess.com INT"]
[Date "2024.07.09"]
[Round "9"]
[White "Seletsky, Grigory"]
[Black "Piliczewski, Bogusz"]
[Result "1-0"]
[WhiteElo "2223"]
[BlackElo "1878"]
[PlyCount "89"]
[EventDate "2024.07.09"]
[EventType "swiss (blitz)"]
[EventRounds "11"]
[EventCountry "USA"]
[SourceTitle "EXT 2025"]
[Source "ChessBase"]
[SourceDate "2024.10.14"]
[SourceVersion "1"]
[SourceVersionDate "2024.10.14"]
[SourceQuality "1"]

1. e4 c6 2. d4 d5 3. Nc3 dxe4 4. Nxe4 Bf5 5. Ng3 Bg6 6. Nf3 Nd7 7. h4 h6 8. h5 Bh7 9. Bd3 Bxd3 10. Qxd3 e6 11. Bd2 Ngf6 12. Qe2 Be7 13. 0-0-0 Qb6 14. Kb1 0-0 15. c4 c5 16. Bc3 Rfd8 17. Ne5 cxd4 18. Bxd4 Bc5 19. Bxc5 Qxc5 20. Nxd7 Rxd7 21. Rxd7 Nxd7 22. Ne4 Qf5 23. g4 Qf4 24. Rd1 Nf6 25. Nxf6+ Qxf6 26. f3 Rd8 27. Rxd8+ Qxd8 28. Kc2 Qc7 29. Qd3 f6 30. b4 b6 31. Kb3 a6 32. a4 e5 33. Qd5+ Kh7 34. c5 a5 35. c6 axb4 36. Kxb4 Qe7+ 37. Kb5 Qa7 38. Qd2 Qc7 39. Qc3 g6 40. Qd3 f5 41. Qd7+ Qxd7 42. hxg6+ Kxg6 43. cxd7 e4 44. gxf5+ Kxf5 45. fxe4+ 1-0

[Event "Titled Tuesday intern op 09th Jul Late"]
[Site "Chess.com INT"]
[Date "2024.07.09"]
[Round "4"]
[White "Tsvetkov, Andrey"]
[Black "Piliczewski, Bogusz"]
[Result "1-0"]
[WhiteElo "2423"]
[BlackElo "1878"]
[PlyCount "121"]
[EventDate "2024.07.09"]
[EventType "swiss (blitz)"]
[EventRounds "11"]
[EventCountry "USA"]
[SourceTitle "EXT 2025"]
[Source "ChessBase"]
[SourceDate "2024.10.14"]
[SourceVersion "1"]
[SourceVersionDate "2024.10.14"]
[SourceQuality "1"]

1. d4 d5 2. c4 c6 3. cxd5 cxd5 4. Nc3 Nc6 5. e4 dxe4 6. d5 Ne5 7. Qa4+ Nd7 8. Nxe4 a6 9. Nf3 b5 10. Bxb5 Bb7 11. Bc6 Qc7 12. Bxd7+ Qxd7 13. Qxd7+ Kxd7 14. Nc5+ Kc8 15. Nxb7 Kxb7 16. 0-0 Nf6 17. Rd1 Rd8 18. Ne5 Rxd5 19. Rxd5 Nxd5 20. Nxf7 Rg8 21. Be3 Nxe3 22. fxe3 g6 23. Rd1 Bg7 24. b3 Rf8 25. Nd8+ Kc8 26. Ne6 Rg8 27. Nc5 a5 28. Rd7 Bh6 29. Kf2 Re8 30. Ra7 Rf8+ 31. Ke2 Rf5 32. Ra8+ Kc7 33. Ne6+ Kd6 34. Nd4 Re5 35. Ra6+ Kd7 36. Ra7+ Ke8 37. Nc2 Rc5 38. Kd3 Rd5+ 39. Nd4 e5 40. Rxh7 Bf8 41. Ke4 Rc5 42. Ne6 Rc2 43. Rh8 Rxg2 44. Nxf8 Rxa2 45. Nxg6+ Kf7 46. Nxe5+ Kg7 47. Rb8 Rxh2 48. Rb5 Rh4+ 49. Kd5 Kf6 50. e4 Rh5 51. Rb6+ Ke7 52. Kd4 Rh3 53. Nc4 a4 54. bxa4 Kd7 55. a5 Kc7 56. Rf6 Rh1 57. a6 Rd1+ 58. Kc5 Ra1 59. e5 Kd7 60. Rd6+ Ke7 61. Rc6 1-0

[Event "Titled Tuesday intern op 25th Jun Late"]
[Site "Chess.com INT"]
[Date "2024.06.25"]
[Round "3"]
[White "Piliczewski, Bogusz"]
[Black "Bornholdt, Joa Max"]
[Result "0-1"]
[WhiteElo "1878"]
[BlackElo "2268"]
[PlyCount "70"]
[EventDate "2024.06.25"]
[EventType "swiss (blitz)"]
[EventRounds "11"]
[EventCountry "USA"]
[SourceTitle "EXT 2025"]
[Source "ChessBase"]
[SourceDate "2024.10.14"]
[SourceVersion "1"]
[SourceVersionDate "2024.10.14"]
[SourceQuality "1"]

1. d4 Nf6 2. Nf3 g6 3. Bf4 Bg7 4. e3 0-0 5. Be2 d6 6. h3 c5 7. 0-0 Qb6 8. Nc3 Nc6 9. Rb1 cxd4 10. exd4 d5 11. Bg5 Ne4 12. Be3 Nxc3 13. bxc3 Qc7 14. Re1 Na5 15. Qd2 a6 16. Ne5 Be6 17. Bh6 Rac8 18. Bxg7 Kxg7 19. Ng4 Bxg4 20. Bxg4 Qxc3 21. Qg5 e6 22. Rbc1 Qxd4 23. Bxe6 fxe6 24. Qe7+ Kh8 25. Qxe6 Qxf2+ 26. Kh1 Rce8 27. Qxe8 Rxe8 28. Rxe8+ Kg7 29. Rce1 d4 30. R1e7+ Kh6 31. Rh8 Kg5 32. Rhxh7 Qf1+ 33. Kh2 Qf4+ 34. Kh1 Qc1+ 35. Kh2 Qf4+ 0-1

[Event "Titled Tuesday intern op 11th Jun Late"]
[Site "Chess.com INT"]
[Date "2024.06.11"]
[Round "10"]
[White "Floresvillar Gonzalez, Luis Miguel"]
[Black "Piliczewski, Bogusz"]
[Result "1/2-1/2"]
[WhiteElo "2021"]
[BlackElo "1878"]
[PlyCount "91"]
[EventDate "2024.06.11"]
[EventType "swiss (blitz)"]
[EventRounds "11"]
[EventCountry "USA"]
[SourceTitle "EXT 2025"]
[Source "ChessBase"]
[SourceDate "2024.10.14"]
[SourceVersion "1"]
[SourceVersionDate "2024.10.14"]
[SourceQuality "1"]

1. d4 d5 2. c3 c6 3. Bf4 Nf6 4. e3 e6 5. Bd3 Bd6 6. Nf3 Qc7 7. Bxd6 Qxd6 8. Ne5 0-0 9. 0-0 Nbd7 10. f4 c5 11. Nd2 b6 12. Rf3 Bb7 13. Rh3 Ne4 14. Ndf3 f6 15. Nxd7 Qxd7 16. Nd2 Nxd2 17. Bxh7+ Kf7 18. Qxd2 f5 19. Qf2 Qe7 20. g4 Qf6 21. g5 Qe7 22. g6+ Ke8 23. Qh4 Qxh4 24. Rxh4 Ke7 25. Rh3 Bc6 26. Rg3 Be8 27. h4 Rh8 28. h5 Kf6 29. Kf2 Rxh7 30. gxh7 Bxh5 31. Rh1 g6 32. Rg5 Rh8 33. Rhxh5 gxh5 34. Rxh5 Kg6 35. Rg5+ Kf6 36. Rh5 Kg6 37. Rh4 Rxh7 38. Rxh7 Kxh7 39. Kg3 Kg7 40. Kh4 Kg6 41. a4 a5 42. b3 Kh6 43. Kg3 Kg6 44. Kh4 Kh6 45. Kg3 Kg6 46. Kh4 1/2-1/2

[Event "Titled Tuesday intern op 11th Jun Late"]
[Site "Chess.com INT"]
[Date "2024.06.11"]
[Round "9"]
[White "Piliczewski, Bogusz"]
[Black "Hubner, Jessica Trindade"]
[Result "1-0"]
[WhiteElo "1878"]
[BlackElo "1845"]
[PlyCount "55"]
[EventDate "2024.06.11"]
[EventType "swiss (blitz)"]
[EventRounds "11"]
[EventCountry "USA"]
[SourceTitle "EXT 2025"]
[Source "ChessBase"]
[SourceDate "2024.10.14"]
[SourceVersion "1"]
[SourceVersionDate "2024.10.14"]
[SourceQuality "1"]

1. d4 d5 2. Nf3 Nf6 3. c4 e6 4. Nc3 c6 5. Bg5 Be7 6. e3 Nbd7 7. Rc1 h6 8. Bh4 dxc4 9. Bxc4 Nd5 10. Bg3 N7b6 11. Bd3 Nxc3 12. bxc3 Nd5 13. 0-0 Qa5 14. Qd2 0-0 15. c4 Qxd2 16. Nxd2 Nf6 17. Rb1 b6 18. Ne4 Bb7 19. Nd6 Bxd6 20. Bxd6 Rfd8 21. c5 Ne8 22. Bg3 bxc5 23. Rxb7 cxd4 24. exd4 Rxd4 25. Rd1 Rad8 26. Rb8 Rxb8 27. Bxb8 a5 28. Bh7+ 1-0

[Event "Titled Tuesday intern op 11th Jun Late"]
[Site "Chess.com INT"]
[Date "2024.06.11"]
[Round "5"]
[White "Piliczewski, Bogusz"]
[Black "Uzuner, Tufan Can"]
[Result "0-1"]
[WhiteElo "1878"]
[BlackElo "1886"]
[PlyCount "110"]
[EventDate "2024.06.11"]
[EventType "swiss (blitz)"]
[EventRounds "11"]
[EventCountry "USA"]
[SourceTitle "EXT 2025"]
[Source "ChessBase"]
[SourceDate "2024.10.14"]
[SourceVersion "1"]
[SourceVersionDate "2024.10.14"]
[SourceQuality "1"]

1. d4 d5 2. Nf3 e6 3. c4 a6 4. cxd5 exd5 5. Nc3 Nf6 6. Bg5 Be6 7. e3 Nbd7 8. Bd3 Bd6 9. 0-0 h6 10. Bh4 g5 11. Bg3 Bxg3 12. hxg3 c6 13. e4 dxe4 14. Nxe4 Nxe4 15. Bxe4 Nf6 16. Bc2 Bg4 17. Re1+ Kf8 18. Qd3 Bxf3 19. gxf3 Kg7 20. Re2 Qd7 21. Rae1 Rae8 22. Rxe8 Rxe8 23. Rxe8 Qxe8 24. Qd2 Qd7 25. Kg2 c5 26. f4 Qd5+ 27. Kg1 Qxd4 28. Qxd4 cxd4 29. fxg5 hxg5 30. f3 Nd7 31. Bf5 Nc5 32. Kf2 Kf6 33. Bc8 a5 34. Ke2 Ke5 35. Kd2 b6 36. Bh3 f5 37. Bf1 f4 38. g4 Kd5 39. b3 Nd7 40. Bc4+ Kc5 41. Be6 Ne5 42. Ke2 d3+ 43. Kd2 Kd4 44. Bf5 Nxf3+ 45. Kd1 Ke3 46. a3 Nd4 47. b4 axb4 48. axb4 Nxf5 49. gxf5 f3 50. Ke1 d2+ 51. Kd1 f2 52. f6 f1Q+ 53. Kc2 Qxf6 54. Kb3 d1Q+ 55. Kc4 Qc6# 0-1

[Event "Titled Tuesday intern op 07th May Late"]
[Site "Chess.com INT"]
[Date "2024.05.07"]
[Round "9"]
[White "Kiselev, Pavel"]
[Black "Piliczewski, Bogusz"]
[Result "1-0"]
[WhiteElo "2147"]
[BlackElo "1878"]
[PlyCount "57"]
[EventDate "2024.05.07"]
[EventType "swiss (blitz)"]
[EventRounds "11"]
[EventCountry "USA"]
[SourceTitle "EXT 2025"]
[Source "ChessBase"]
[SourceDate "2024.10.14"]
[SourceVersion "1"]
[SourceVersionDate "2024.10.14"]
[SourceQuality "1"]

1. Nf3 d5 2. b3 Nf6 3. Bb2 g6 4. e3 Bg7 5. Be2 0-0 6. 0-0 b6 7. c4 Bb7 8. cxd5 Bxd5 9. Nc3 Bb7 10. d4 e6 11. Rc1 Nbd7 12. Nb5 Rc8 13. Nxa7 Ra8 14. Nc6 Bxc6 15. Rxc6 Rxa2 16. Qb1 Qa8 17. Rxc7 Rd8 18. Rfc1 Nd5 19. Rc8 Rxc8 20. Rxc8+ Qxc8 21. Qxa2 Qc2 22. Bf1 Nf8 23. Qa3 h6 24. g3 Nd7 25. Bc1 Bf8 26. Qa1 N7f6 27. Bc4 Ne4 28. Qb2 Qd1+ 29. Kg2 1-0

[Event "Titled Tuesday intern op 07th May Late"]
[Site "Chess.com INT"]
[Date "2024.05.07"]
[Round "6"]
[White "Rosenberg, Evan"]
[Black "Piliczewski, Bogusz"]
[Result "1-0"]
[WhiteElo "1985"]
[BlackElo "1878"]
[PlyCount "109"]
[EventDate "2024.05.07"]
[EventType "swiss (blitz)"]
[EventRounds "11"]
[EventCountry "USA"]
[SourceTitle "EXT 2025"]
[Source "ChessBase"]
[SourceDate "2024.10.14"]
[SourceVersion "1"]
[SourceVersionDate "2024.10.14"]
[SourceQuality "1"]

1. d4 d5 2. Nf3 Nf6 3. c3 Bf5 4. Qb3 Qc8 5. c4 e6 6. Nc3 c6 7. Bf4 Nbd7 8. Rc1 dxc4 9. Qxc4 Be7 10. h3 0-0 11. e3 h6 12. Be2 a5 13. 0-0 a4 14. a3 Nb6 15. Qa2 Rd8 16. Ne5 Nbd5 17. Bh2 Nxc3 18. Rxc3 Ne4 19. Rcc1 Nd2 20. Rfd1 Nb3 21. Rc3 Be4 22. Bc4 Bd5 23. Bxd5 exd5 24. Nd3 Qf5 25. Nc1 Na5 26. Nd3 Nc4 27. Qb1 b5 28. Ne5 Qxb1 29. Rxb1 Rac8 30. f3 f6 31. Nxc4 dxc4 32. Kf2 c5 33. Rd1 cxd4 34. exd4 Rd5 35. Ke2 Re8 36. Bg1 Bb4+ 37. Kd2 Bxc3+ 38. bxc3 f5 39. Bh2 Rd7 40. Rb1 Rb7 41. Be5 Kf7 42. f4 g6 43. g4 Ke6 44. Ke3 Kd5 45. Rg1 fxg4 46. hxg4 Re6 47. Rh1 g5 48. f5 Reb6 49. Kf3 Rf7 50. Re1 Rc6 51. Bg3 Rb6 52. Re5+ Kc6 53. Re6+ Kb7 54. Re8 Rc6 55. Be5 1-0

[Event "Titled Tuesday intern op 27th Feb Late"]
[Site "Chess.com INT"]
[Date "2024.02.27"]
[Round "2"]
[White "Tsiolakidis, Anastasios"]
[Black "Piliczewski, Bogusz"]
[Result "0-1"]
[WhiteElo "2298"]
[BlackElo "1796"]
[PlyCount "106"]
[EventDate "2024.02.27"]
[EventType "swiss (blitz)"]
[EventRounds "11"]
[EventCountry "USA"]
[SourceTitle "CBM 219 Extra"]
[Source "ChessBase"]
[SourceDate "2024.05.31"]
[SourceVersion "1"]
[SourceVersionDate "2024.05.31"]
[SourceQuality "1"]

1. e4 e6 2. Nf3 d5 3. Nc3 Nf6 4. e5 Nfd7 5. b3 c5 6. Bb2 Nc6 7. Bb5 Qc7 8. 0-0 a6 9. Bxc6 Qxc6 10. d4 cxd4 11. Nxd4 Qc7 12. f4 Bc5 13. Kh1 0-0 14. Rf3 Bxd4 15. Qxd4 Qc5 16. Qd3 f5 17. exf6 Nxf6 18. Re1 Bd7 19. Ne2 Rae8 20. Nd4 Ne4 21. c4 e5 22. cxd5 exd4 23. Rxe4 Bf5 24. Rxe8 Bxd3 25. Rxf8+ Kxf8 26. Rxd3 Qxd5 27. Rxd4 Qa5 28. h3 Qxa2 29. Bc3 Qxb3 30. Bb4+ Ke8 31. Kh2 b6 32. Re4+ Kd8 33. Bf8 g6 34. Bh6 a5 35. Bg5+ Kc8 36. Re8+ Kb7 37. Re7+ Ka6 38. Rxh7 a4 39. f5 gxf5 40. h4 a3 41. Rh8 Kb5 42. Ra8 a2 43. Bf6 f4 44. h5 Qf7 45. Bh4 Qxh5 46. Kh3 Qf5+ 47. Kh2 Qc2 48. Kh3 Qb3+ 49. g3 f3 50. g4 f2+ 51. Kg2 Qd5+ 52. Kxf2 Qxa8 53. Bg3 Qf8+ 0-1